Điệu hát Ra Rọi của người Tà Ôi /

Đã lưu trong:
Bibliografiske detaljer
Hovedforfatter: Trần Nguyễn Khánh Phong.
Format: Bài viết
Sprog:Vietnamese
Fag:
Tags: Tilføj Tag
Ingen Tags, Vær først til at tagge denne postø!
Thư viện lưu trữ: Thư viện Trường Đại học Đà Lạt
LEADER 00789nam a2200277 4500
001 DLU140162178
005 ##20140617
040 # # |a DLU  |b vie 
041 # # |a vie 
044 # # |a vn 
100 # # |a Trần Nguyễn Khánh Phong. 
245 # # |a Điệu hát Ra Rọi của người Tà Ôi /  |c Trần Nguyễn Khánh Phong. 
653 # # |a Dân ca 
653 # # |a Dân tộc Tà Ôi 
653 # # |a Hát nói 
653 # # |a Nghi thức tang lễ 
773 # # |t Văn hóa các dân tộc  |g Số 10(236), 2013, tr. 6-8 
920 # # |a Phòng Tạp chí -- Trung tâm Thông tin - Thư viện Trường Đại học Đà Lạt 
994 # # |a DLU 
900 # # |a True 
911 # # |a Nguyễn Huyền Anh 
925 # # |a G 
926 # # |a A 
927 # # |a BB 
980 # # |a Thư viện Trường Đại học Đà Lạt